| 000 | 00377cam a22001217a 4500 | ||
|---|---|---|---|
| 008 | 180718b1990 xxu||||| |||| 00| 0 eng d | ||
| 082 | _aB136x5434 P192 | ||
| 100 | _aPandey, A.K. | ||
| 245 |
_aLocal level planning and rural development: an analytical study _cby A.K. Pandey |
||
| 260 |
_aDelhi _bMittal _c1990 |
||
| 300 | _a147p. | ||
| 650 | _aRural development - India - Rajasthan | ||
| 999 |
_c351349 _d351349 |
||